Microsoft Excel 2000 : jednoduše, srozumitelně, názorně /

Jazyk: Čeština
Vydáno: Brno : Computer Press, 2003
Vydání: Vyd. 1.
Edice: Vizuální příručka nové generace
Témata:
Externí odkaz: Digitalizovaný dokument
Fyzický popis: iv, 201 s. : il. ; 19 x 23 cm
Knihy
Uloženo v:
LEADER 01453nam a2200373 a 4500
001 000673633
003 CZ BrMZK
005 20070221152000.0
007 ta
008 030613s2003 xr a e f 000 0 cze d
015 |a cnb001252241 
020 |a 80-7226-913-5  |q (brož.) 
035 |a (OCoLC)53503393 
040 |a BOA001  |b cze 
072 7 |a 004.4/.6  |x Programování. Software  |2 Konspekt  |9 23 
080 |a 004.42Excel  |2 MRF 
080 |a 004.67  |2 MRF 
080 |a (035)  |2 MRF 
245 0 0 |a Microsoft Excel 2000 :  |b jednoduše, srozumitelně, názorně /  |c kolektiv autorů 
250 |a Vyd. 1. 
260 |a Brno :  |b Computer Press,  |c 2003 
300 |a iv, 201 s. :  |b il. ;  |c 19 x 23 cm 
490 1 |a Vizuální příručka nové generace 
504 |a Obsahuje rejstřík 
500 |a Dostupné též v digitální podobě v aplikaci Kramerius 
650 0 7 |a Microsoft Excel 2000  |7 ph117860  |2 czenas 
650 0 7 |a tabulkové procesory  |7 ph116391  |2 czenas 
655 7 |a příručky  |7 fd133209  |2 czenas 
830 0 |a Vizuální příručka nové generace  |0 s 
856 4 1 |u http://www.digitalniknihovna.cz/mzk/uuid/uuid:01e70c60-4b0f-11e5-8851-005056827e51  |y Digitalizovaný dokument  |x NDK 
910 |a BOA001  |b 2-1121.162 
990 |a BK 
996 6 |b 2610194046  |c 2-1121.162  |l MZK  |r Sklad / do 1 hodiny  |n 1  |p p.v.  |w 000673633  |u 000010  |a 1  |e BOA001  |j MZK50  |s P 
996 7 |b 2610197377  |c 2-1121.162  |l MZK  |r Sklad / do 1 hodiny  |n 48  |p kup  |w 000673633  |u 000020  |a 1  |e BOA001  |j MZK50  |s A